Working together : a guide for planners and housing providers (Record no. 101638)

MARC details
000 -LEADER
fixed length control field 01377cam a2200325 4500
008 - FIXED-LENGTH DATA ELEMENTS--GENERAL INFORMATION
fixed length control field 010921n2001 000 0 eng u
020 ## - INTERNATIONAL STANDARD BOOK NUMBER
International Standard Book Number 0727730215
035 ## - SYSTEM CONTROL NUMBER
System control number (Sirsi) u114707
041 ## - LANGUAGE CODE
Language code of text/sound track or separate title eng
050 ## - LIBRARY OF CONGRESS CALL NUMBER
Classification number 711.58
100 ## - MAIN ENTRY--PERSONAL NAME
Personal name Carmona, Matthew
110 ## - MAIN ENTRY--CORPORATE NAME
Corporate name or jurisdiction name as entry element Royal Town Planning Institute
9 (RLIN) 1206
245 ## - TITLE STATEMENT
Title Working together : a guide for planners and housing providers
260 ## - PUBLICATION, DISTRIBUTION, ETC.
Place of publication, distribution, etc. Tonbridge
Name of publisher, distributor, etc. Thomas Telford Publishing
Date of publication, distribution, etc. 2001
300 ## - PHYSICAL DESCRIPTION
Extent 79p. : ill. ; 30cm.
350 ## - PRICE (NR) (BK AM CF MU VM SE) [OBSOLETE]
Price 25.00
520 ## - SUMMARY, ETC.
Summary, etc. Examines relationship between housing providers and planners. Aims to identify and explain motivations and constraints of the different groups and, through the assembly of good practice examples and five routes to better practice, demonstrates how the tensions inherent in house building can be overcome within a range of local settings and circumstances
650 ## - SUBJECT ADDED ENTRY--TOPICAL TERM
Topical term or geographic name entry element HOUSING DEVELOPMENT
650 ## - SUBJECT ADDED ENTRY--TOPICAL TERM
Topical term or geographic name entry element HOUSING PROVISION
650 ## - SUBJECT ADDED ENTRY--TOPICAL TERM
Topical term or geographic name entry element PLANNING AUTHORITIES
650 ## - SUBJECT ADDED ENTRY--TOPICAL TERM
Topical term or geographic name entry element PLANNING DEVELOPMENT
690 ## - LOCAL SUBJECT ADDED ENTRY--TOPICAL TERM (OCLC, RLIN)
Topical term or geographic name as entry element ENVIRONMENTAL AND LAND CONSULTANCY-PLANNING AND DEVELOPMENT
700 ## - ADDED ENTRY--PERSONAL NAME
Personal name Carmona, Sarah
700 ## - ADDED ENTRY--PERSONAL NAME
Personal name Gallent, Nick
710 ## - ADDED ENTRY--CORPORATE NAME
Corporate name or jurisdiction name as entry element Housing Corporation
710 ## - ADDED ENTRY--CORPORATE NAME
Corporate name or jurisdiction name as entry element House Builders Federation
9 (RLIN) 2233
710 ## - ADDED ENTRY--CORPORATE NAME
Corporate name or jurisdiction name as entry element National Housing Federation
9 (RLIN) 695
710 ## - ADDED ENTRY--CORPORATE NAME
Corporate name or jurisdiction name as entry element Department for Transport, Local Government and the Regions
9 (RLIN) 4091
942 ## - ADDED ENTRY ELEMENTS (KOHA)
Suppress in OPAC 0
Holdings
Withdrawn status Lost status Source of classification or shelving scheme Damaged status Not for loan Home library Current library Shelving location Date acquired Cost, normal purchase price Total Checkouts Full call number Barcode Date last seen Date last checked out Copy number Cost, replacement price Price effective from Koha item type
    Dewey Decimal Classification     London London Books 07/12/2001 21.25 4 F711.58 CAR 30065163 06/08/2019 02/05/2003 1 21.25 06/08/2019 Book